书目信息 |
| 题名: |
试验优化设计与统计分析
|
|
| 作者: | 杜双奎 主编 | |
| 分册: | ||
| 出版信息: | 北京 科学出版社 2020.03 |
|
| 页数: | 308页 | |
| 开本: | 26cm | |
| 丛书名: | ||
| 单 册: | ||
| 中图分类: | O212.1 , O212.1-43 | |
| 科图分类: | ||
| 主题词: | 试验设计--shi yan she ji--高等教育--教材 , 试验分析(数学)--shi yan fen xi (shu xue )--高等教育--教材 | |
| 电子资源: | ||
| ISBN: | 978-7-03-063562-4 | |
| 000 | 01496nam0 2200289 450 | |
| 001 | 2557248299 | |
| 005 | 20250909155536.46 | |
| 010 | @a978-7-03-063562-4@dCNY79.80 | |
| 100 | @a20200409d2020 em y0chiy50 ea | |
| 101 | 0 | @achi |
| 102 | @aCN@b110000 | |
| 105 | @aak z 000yy | |
| 200 | 1 | @a试验优化设计与统计分析@Ashi yan you hua she ji yu tong ji fen xi@f杜双奎主编@FDu Shuang Kui Zhu Bian |
| 205 | @a2版 | |
| 210 | @a北京@c科学出版社@d2020.03 | |
| 215 | @a308页@c图@d26cm | |
| 312 | @a英文题名取自封面 | |
| 330 | @a试验优化设计是以数理统计为基础, 对试验进行优化设计与统计分析的科学方法, 是科技工作者必备的基本技能。本书主要介绍了工程技术中常用的试验设计与分析方法及其在生物工程、食品工程、化学工程等技术领域中的应用。全书共分11章, 包括试验资料的统计描述、理论分布与抽样分布、统计假设检验与参数估计、方差分析、回归与相关、试验设计基础、正交试验设计、均匀试验设计、回归试验设计等内容。在系统介绍常用试验设计及其统计分析方法的同时, 重点介绍了试验优化设计方法在工业生产与工程技术中的实际应用, 并列举了大量实例, 做到理论联系实际, 便于理解和自学。深入浅出, 通俗易懂, 可读性强。 | |
| 333 | @a普通高等教育“十三五”规划教材 | |
| 510 | 1 | @aExperimental design and statistical analysis@zeng |
| 606 | 0 | @a试验设计@Ashi yan she ji@x高等教育@j教材 |
| 606 | 0 | @a试验分析(数学)@Ashi yan fen xi (shu xue )@x高等教育@j教材 |
| 690 | @aO212.1@v5 | |
| 690 | @aO212.1-43@v4 | |
| 701 | 0 | @a杜双奎@Adu shuang kui@4主编 |
| 801 | 0 | @aCN@b河南城建学院图书馆@c20200906 |
| 905 | @dO212.1-43@eD853=2 | |
| 试验优化设计与统计分析/杜双奎主编.-2版.-北京:科学出版社,2020.03 |
| 308页:图;26cm |
| 使用对象:普通高等教育“十三五”规划教材 |
| ISBN 978-7-03-063562-4:CNY79.80 |
| 试验优化设计是以数理统计为基础, 对试验进行优化设计与统计分析的科学方法, 是科技工作者必备的基本技能。本书主要介绍了工程技术中常用的试验设计与分析方法及其在生物工程、食品工程、化学工程等技术领域中的应用。全书共分11章, 包括试验资料的统计描述、理论分布与抽样分布、统计假设检验与参数估计、方差分析、回归与相关、试验设计基础、正交试验设计、均匀试验设计、回归试验设计等内容。在系统介绍常用试验设计及其统计分析方法的同时, 重点介绍了试验优化设计方法在工业生产与工程技术中的实际应用, 并列举了大量实例, 做到理论联系实际, 便于理解和自学。深入浅出, 通俗易懂, 可读性强。 |
| ● |
| 相关链接 |
|
|
|
正题名:试验优化设计与统计分析
索取号:O212.1-43/D853=2
 
预约/预借
| 序号 | 登录号 | 条形码 | 馆藏地/架位号 | 状态 | 备注 |
| 1 | 1555367 | 215553675 | 研究生处资料室/ [索取号:O212.1-43/D853=2] | 在馆 |